000 00883nam a2200289Ia 4500
003 OSt
005 20220912151527.0
006 a|||||r|||| 00| 0
007 ta
008 220909b |||||||| |||| 00| 0 eng d
020 _a8170003768 (hbd)
024 _a17967
037 _bKKP/3861/05-06, 25/03/2006, K K Publications
037 _cTextual
040 _aCSL
_beng
_cCSL
041 _aeng
082 _a24(9S), P3
100 _aJeevan V K J
245 0 _aDigital libraries
260 _aNew Delhi
_b Ess Ess Publications
_c2003
300 _a418p.
_ccm.
500 _aIncludes bibliographical references.; Bibliography 377-398p.
_ccm.; Index 399-418p.
_ccm.
650 _a Digital libraries
650 _aLibrary science
942 _h24(9S), P3
_cTEXL
_2CC
999 _c70640
_d70640